000 00511nam a2200181Ia 4500
005 20250508153002.0
008 008 250505s9999 xx 000 0 hin d
037 _aTextual
040 _aFEDL
_beng
_cFEDL
041 _ahin
_2eng
084 _a891.432, NAG
_qFEDL
100 _aNagendra Ed.
245 0 _aEkanki: Hindi ke chh: pratinidhi ekankion ka sankalan
260 _aDelhi, India
_bS Chand and Company
300 _a162p
942 _cTEXL
_h891.432, NAG
999 _c1339997
_d1339997